| 000 | 01005cam a22003017a 4500 | ||
|---|---|---|---|
| 003 | CHAP | ||
| 005 | 20220329133002.0 | ||
| 008 | 971013s1989 r 00010 d | ||
| 010 | _a954 | ||
| 011 | _a1926 | ||
| 035 | _a1111 | ||
| 040 | _cCHAP | ||
| 082 |
_a591.1 _bW5Y 1987 |
||
| 100 | 0 | 0 |
_aWilson, James A. _9122205 |
| 245 | 0 | _aFundamentos de fisiología animal | |
| 260 |
_aMéxico, D. F. : _bLimusa, _c1989 |
||
| 300 |
_a984 p. _b: ilus; gráfs. |
||
| 500 | _aTrad. de: principles of animal physiology, 2 ed. de [198?] | ||
| 590 |
_aBATCH-UPD _b10 _c20130110 _lUCH01 _h2015 |
||
| 590 |
_aBATCH-UPD _b10 _c20130410 _lUCH01 _h1334 |
||
| 590 |
_aBATCH-UPD _b10 _c20130914 _lUCH01 _h1411 |
||
| 590 |
_aCONVERSION _b10 _c20130109 _lUCH01 _h1302 |
||
| 650 | 1 | 4 |
_aFisiología animal. _941131 |
| 901 | _aBK | ||
| 942 | _cLIBRO | ||
| 949 |
_a591.1 W5Y 1987 _bBC _cLIBRO _d33724000802021 _eLIBRO _fc.2 _h78931 _i1111 _si _t48.00 |
||
| 949 |
_a591.1 W5Y 1987 _bBC _cLIBRO _d33724000807715 _eLIBRO _gI. c/e _h77481 _i1111 _si _t48.00 |
||
| 999 |
_c954 _d954 |
||